National strategy for water and sanitation hard to reach areas of Bangladesh = Jātīẏa kauśalapatra Bāṃlādeśera durgama elākāẏa pāni o syāniṭeśana byabasthāra unnaẏana 2012.
| Autor Corporativo: | |
|---|---|
| Formato: | Libro |
| Idioma: | Multiple English Bengali |
| Publicado: |
Dhaka :
Local Government Division, Ministry of Local Government, Rural Development and Cooperatives, Government of the People's Republic of Bangladesh,
2012.
|
| Subjects: | |
| Classic Catalogue: | View this record in Classic Catalogue |
| LEADER | 01567nam a2200289 i 4500 | ||
|---|---|---|---|
| 001 | 31333 | ||
| 003 | BD-DhAAL | ||
| 005 | 20171128155907.0 | ||
| 008 | 171128s2012 bg b b f000 0 mul | ||
| 999 | |c 38662 |d 38662 | ||
| 010 | |a 2014356272 | ||
| 040 | |a DLC |b eng |e rda |c DLC | ||
| 041 | 0 | |a eng |a ben | |
| 050 | 0 | 0 | |a HD1698.B3 |b N38 2012 |
| 082 | |2 21 |a 333.9115095492 | ||
| 245 | 0 | 0 | |a National strategy for water and sanitation hard to reach areas of Bangladesh = |b Jātīẏa kauśalapatra Bāṃlādeśera durgama elākāẏa pāni o syāniṭeśana byabasthāra unnaẏana 2012. |
| 246 | 3 | 1 | |a জাতীয় কৌশলপত্র :বাংলাদেশের দুর্গম এলাকায় পানি ও স্যানিটেশন ব্যবস্থার উন্নয়ন ২০১২ |
| 264 | 1 | |a Dhaka : |b Local Government Division, Ministry of Local Government, Rural Development and Cooperatives, Government of the People's Republic of Bangladesh, |c 2012. | |
| 300 | |a 19, 15 pages : |b maps ; |c 28 cm. | ||
| 504 | |a Includes bibliographical references. | ||
| 541 | |a Complementary copy |e 31333 | ||
| 546 | |a English and Bengali; bound back to back and inverted. | ||
| 650 | 0 | |a Water resources development |z Bangladesh. |9 24036 | |
| 650 | 0 | |a Sanitation |z Bangladesh. |9 24037 | |
| 710 | 1 | |a Bangladesh. |b Sthānīẏa Sarakāra Bibhāga. |9 24038 | |
| 942 | |2 ddc |c BK | ||
| 952 | |0 0 |1 0 |2 ddc |4 0 |6 333_911509549200000_NAT |7 0 |9 62028 |a BRACUL |b BRACUL |c GEN |d 2017-11-28 |e Complementary copy |l 0 |o 333.9115095492 NAT |p 3010031333 |r 2017-11-28 |t 1 |w 2017-11-28 |y BK | ||